[Event "5.Online Aktivschach WM / Gruppe A"]
[Site "?"]
[Date "2008.11.29"]
[Round "1.2"]
[White "Atlanta, Mephisto"]
[Black "Sparc, Saitek"]
[Result "1/2-1/2"]
[WhiteElo "2293"]
[BlackElo "2187"]
[PlyCount "212"]
[EventDate "2008.??.??"]

1. c4 e5 2. Nc3 Nf6 3. Nf3 Nc6 4. d4 exd4 5. Nxd4 Bb4 6. Bg5 h6 7. Bh4 Bxc3+ 8.
bxc3 d6 9. f3 Ne5 10. e4 Ng6 11. Bf2 O-O 12. Qd2 c6 13. O-O-O Qa5 14. Nb3 Qa4
15. Qb2 Ne5 16. Rd4 c5 17. Rxd6 b6 18. Bh4 Ne8 19. Rd8 Nc6 20. Rd1 f5 21. Nd2
fxe4 22. fxe4 Bg4 23. Re1 Nd6 24. Qb3 Qxb3 25. axb3 Rae8 26. Bg3 Nf7 27. Be2
Bxe2 28. Rxe2 Nfe5 29. Rd1 Re6 30. Kc2 Ref6 31. h3 a5 32. Rde1 g6 33. Rd1 Kh7
34. Bh4 Rf4 35. g4 R8f7 36. Bg3 R4f6 37. Re3 Rd7 38. Rde1 Rf8 39. R1e2 Rdf7 40.
Kb2 Rd7 41. Ka3 Ra7 42. Ka4 Rd7 43. Be1 Rdf7 44. Kb5 Rf6 45. Bg3 Rd8 46. Bh4 g5
47. Bg3 Rd7 48. Ka4 Rd8 49. Nb1 Rdf8 50. Na3 Rd8 51. Nc2 Rd7 52. Ne1 Rd1 53.
Ra2 Rc1 54. Kb5 Rd1 55. Ree2 Rd7 56. Rad2 Re7 57. Rd5 a4 58. Kxb6 Nd7+ 59. Kb5
Na7+ 60. Ka5 axb3 61. Nd3 Nc6+ 62. Kb5 Na7+ 63. Ka4 Nb6+ 64. Kxb3 Rf3 65. Bd6
Rb7 66. Kc2 Nxc4 67. Bxc5 Nb5 68. Rh2 Nba3+ 69. Bxa3 Ne3+ 70. Kd2 Nf1+ 71. Kc2
Nxh2 72. Nc5 Ra7 73. Kb3 Rxh3 74. Ne6 Ra6 75. Rd7+ Kg8 76. Rg7+ Kh8 77. Re7
Nxg4 78. Bc5 Rf3 79. Bd4+ Nf6 80. Nc7 Rc6 81. e5 Nh5 82. e6+ Kg8 83. Rd7 Rxc7
84. Rxc7 g4 85. Bc5 Ng7 86. Rc8+ Kh7 87. e7 Rf1 88. Bd4 Re1 89. Bxg7 Rxe7 90.
Bd4 h5 91. Kc4 Rf7 92. Kd5 Kg6 93. Ke4 Kg5 94. Rg8+ Kh4 95. c4 Kh3 96. c5 g3
97. c6 g2 98. Bb6 h4 99. Ke5 Kh2 100. Ke6 Rh7 101. c7 Rxc7 102. Bxc7+ Kh1 103.
Rh8 g1=Q 104. Rxh4+ Kg2 105. Rg4+ Kh1 106. Rxg1+ Kxg1 1/2-1/2

[Event "5.Online Aktivschach WM / Gruppe A"]
[Site "?"]
[Date "2008.12.04"]
[Round "1.1"]
[White "MM V 18 MHz, Mephisto"]
[Black "Lyon 68020 22 MHz, Mephisto"]
[Result "0-1"]
[WhiteElo "2149"]
[BlackElo "2278"]
[PlyCount "70"]
[EventDate "2008.??.??"]

1. e4 Nf6 2. e5 Nd5 3. d4 d6 4. Nf3 g6 5. Bc4 c6 6. h3 dxe5 7. Nxe5 Bf5 8. O-O
Bg7 9. Bd3 Bxd3 10. Qxd3 Nd7 11. f4 O-O 12. a3 c5 13. Qb3 N5b6 14. dxc5 Nxc5
15. Qe3 Rc8 16. Nd2 Ne6 17. c4 Qd4 18. Qxd4 Nxd4 19. b4 Ne2+ 20. Kh2 Nxf4 21.
Re1 Nd3 22. Nxd3 Bxa1 23. Rxe7 Nxc4 24. Nxc4 Rxc4 25. Rxb7 Rd8 26. Bh6 g5 27.
Nf2 Be5+ 28. g3 Rc2 29. Bxg5 Rd3 30. Kg1 Bd4 31. Rb8+ Kg7 32. g4 Rxf2 33. Be3
Bxe3 34. Rg8+ Kxg8 35. a4 Rd1# 0-1

[Event "5.Online Aktivschach WM / Gruppe A"]
[Site "?"]
[Date "2008.12.12"]
[Round "2.2"]
[White "MM V 18 MHz, Mephisto"]
[Black "Atlanta, Mephisto"]
[Result "1/2-1/2"]
[WhiteElo "2149"]
[BlackElo "2293"]
[PlyCount "95"]
[EventDate "2008.??.??"]

1. c4 c5 2. Nc3 Nc6 3. Nf3 Nf6 4. g3 d5 5. cxd5 Nxd5 6. Nxd5 Qxd5 7. Bg2 e5 8.
d3 c4 9. O-O cxd3 10. Ne1 Qd6 11. Nxd3 Bf5 12. Be3 Rd8 13. Qa4 Bxd3 14. exd3
Qd7 15. Bxc6 bxc6 16. Rac1 c5 17. Qxd7+ Kxd7 18. Bxc5 Bxc5 19. Rxc5 Rb8 20. b3
f6 21. Rfc1 Rbc8 22. Rxc8 Rxc8 23. Rxc8 Kxc8 24. f4 exf4 25. gxf4 Kd7 26. Kf2
Ke6 27. Ke3 g5 28. fxg5 fxg5 29. Ke4 Kf6 30. Kd5 h6 31. d4 h5 32. Kc6 Ke7 33.
Kb7 g4 34. Kc7 h4 35. d5 g3 36. d6+ Kf7 37. hxg3 hxg3 38. d7 g2 39. d8=Q g1=Q
40. Kb8 Qf2 41. Qd7+ Kg8 42. Qxa7 Qf8+ 43. Kc7 Qe7+ 44. Kb6 Qe3+ 45. Ka6 Qe2+
46. Kb7 Qe4+ 47. Kc7 Qe7+ 48. Kb6 1/2-1/2

[Event "5.Online Aktivschach WM / Gruppe A"]
[Site "?"]
[Date "2008.12.12"]
[Round "2.1"]
[White "Lyon 68020 22 MHz, Mephisto"]
[Black "Sparc, Saitek"]
[Result "1-0"]
[WhiteElo "2278"]
[BlackElo "2187"]
[PlyCount "105"]
[EventDate "2008.??.??"]

1. e4 e5 2. Nf3 Nc6 3. Bb5 f5 4. d3 fxe4 5. dxe4 Nf6 6. O-O d6 7. Qd3 Bg4 8.
Nc3 Be7 9. h3 Bxf3 10. Qxf3 O-O 11. Qd3 Kh8 12. Be3 a6 13. Bxc6 bxc6 14. Rad1
Qb8 15. Qc4 Qxb2 16. Rb1 d5 17. exd5 Qxc2 18. Qxc6 Bd6 19. Rfc1 Qg6 20. Rb7 Nh5
21. Re1 Nf4 22. Bxf4 exf4 23. f3 Rfb8 24. Re6 Qh5 25. Qxa6 Qf5 26. Rxb8+ Rxb8
27. Qa7 Rd8 28. Qd4 c5 29. Qe4 Qxe4 30. fxe4 c4 31. Nb5 Bc5+ 32. Kf1 Ra8 33.
Rc6 Bf8 34. d6 Kg8 35. Rxc4 Rxa2 36. d7 Be7 37. Rc8+ Kf7 38. d8=Q Bxd8 39. Rxd8
Ke7 40. Rh8 h6 41. Nc3 Rc2 42. Nd5+ Kf7 43. Rb8 g5 44. Rb6 Kg7 45. Rb7+ Kg6 46.
Ne7+ Kh5 47. Nf5 Rc6 48. Rh7 Ra6 49. Ke2 Ra2+ 50. Kd3 Ra6 51. Kc4 Rc6+ 52. Kd5
Ra6 53. Rxh6+ 1-0

[Event "5.Online Aktivschach WM / Gruppe A"]
[Site "?"]
[Date "2008.12.20"]
[Round "3.1"]
[White "Atlanta, Mephisto"]
[Black "Lyon 68020 22 MHz, Mephisto"]
[Result "1-0"]
[WhiteElo "2293"]
[BlackElo "2278"]
[PlyCount "119"]
[EventDate "2008.??.??"]

1. e3 e5 2. d4 exd4 3. exd4 d5 4. Bd3 Bd6 5. Nf3 Bg4 6. O-O Nc6 7. Re1+ Nge7 8.
c3 Qd7 9. b3 O-O 10. Ba3 h6 11. Bxd6 Qxd6 12. Nbd2 Ng6 13. Qc2 Rfe8 14. h3 Bd7
15. Bxg6 fxg6 16. Qb2 g5 17. Nh2 Rf8 18. Re3 Rae8 19. Rae1 Qf4 20. Ndf3 Rxe3
21. Rxe3 Bf5 22. a3 Qd6 23. Re1 a6 24. Re3 Be4 25. c4 Qf4 26. Re1 b6 27. Qc3
Kh8 28. cxd5 Bxd5 29. b4 Qf5 30. Re3 Kg8 31. Ng4 Rf7 32. Nfe5 Nxe5 33. Rxe5
Qb1+ 34. Re1 Qf5 35. f3 Kf8 36. Ne3 Qe6 37. Nxd5 Qxd5 38. Re5 Qd6 39. Qc4 b5
40. Qc5 Rf6 41. Kf2 Qxc5 42. bxc5 Rf4 43. Ke3 Rf7 44. Kd3 Rf4 45. Kc3 Kf7 46.
Re4 a5 47. d5 Rf5 48. Kd4 Rf6 49. c6 Rf5 50. Kc5 h5 51. Rd4 b4 52. axb4 axb4
53. Rxb4 Kg6 54. Rb7 g4 55. fxg4 hxg4 56. Rxc7 Rf2 57. hxg4 Rxg2 58. Rd7 Rc2+
59. Kd6 Kf6 60. c7 1-0

[Event "5.Online Aktivschach WM / Gruppe A"]
[Site "?"]
[Date "2008.12.25"]
[Round "4.1"]
[White "Lyon 68020 22 MHz, Mephisto"]
[Black "MM V 18 MHz, Mephisto"]
[Result "1/2-1/2"]
[WhiteElo "2278"]
[BlackElo "2149"]
[PlyCount "205"]
[EventDate "2008.??.??"]

1. c4 e5 2. Nc3 Nf6 3. Nf3 Nc6 4. e3 Bb4 5. Qc2 Bxc3 6. Qxc3 Qe7 7. a3 a5 8. d3
d5 9. cxd5 Nxd5 10. Qb3 Nb6 11. Be2 O-O 12. O-O Be6 13. Qc3 Na4 14. Qc2 Nc5 15.
Qc3 Rfd8 16. Nxe5 Nxe5 17. Qxe5 Nxd3 18. Bxd3 Rxd3 19. e4 f6 20. Qb5 Rb3 21.
Qh5 Bf7 22. Qf5 g6 23. Qf4 Rd8 24. Re1 Rdd3 25. h3 c6 26. Rb1 Rb5 27. Ra1 Be6
28. f3 a4 29. Qb8+ Qd8 30. Qxd8+ Rxd8 31. Kf2 Kf7 32. Re2 Bc4 33. Rc2 Bd3 34.
Rc3 c5 35. Ra2 Ke6 36. Ke3 c4 37. Kf2 b6 38. Kg1 f5 39. exf5+ Rxf5 40. Be3 Rb5
41. Rc1 g5 42. Kf2 Rdd5 43. Re1 Kd7 44. Rd1 Kc6 45. Rc1 Rd7 46. Rd1 Rbd5 47. h4
gxh4 48. Rh1 Rh5 49. Raa1 Rb5 50. Bc1 Rd4 51. Ra2 Re5 52. Be3 Rd6 53. Raa1 Rb5
54. Bc1 Re6 55. Rxh4 h5 56. Kg1 Rbe5 57. Bd2 Re2 58. Bc3 Rg6 59. Rh2 Rc2 60.
Re1 h4 61. Bd4 Kd6 62. Bxb6 Rxb2 63. Bf2 Ra2 64. Bxh4 Re6 65. Bg3+ Kd7 66. Be5
Rxa3 67. Rh4 Rc6 68. Rf4 Rb3 69. Bg7 Kd6 70. Rd4+ Kc5 71. Rd7 Kb4 72. Rb7+ Ka5
73. Ra7+ Ra6 74. Rd7 Kb4 75. Kf2 a3 76. Rb7+ Kc5 77. Rc7+ Kd5 78. Rd7+ Kc6 79.
Rde7 Kb5 80. Rb7+ Ka4 81. Rc7 Rb5 82. Bc3 Rb2+ 83. Kg1 Kb3 84. Bd4 Ra5 85. Rc1
Rb5 86. g3 Rd2 87. Rc3+ Kb4 88. Rc1 Bc2 89. Bf6 Kb3 90. Re7 c3 91. Re3 Kb2 92.
Bxc3+ Kxc1 93. Bxd2+ Kxd2 94. Rxa3 Rb3 95. Rxb3 Bxb3 96. Kf2 Bf7 97. g4 Bd5 98.
f4 Kd3 99. f5 Ke4 100. Kg3 Ke5 101. Kh4 Kf6 102. g5+ Kxf5 103. g6 1/2-1/2

[Event "5.Online Aktivschach WM / Gruppe A"]
[Site "?"]
[Date "2008.12.28"]
[Round "3.2"]
[White "Sparc, Saitek"]
[Black "MM V 18 MHz, Mephisto"]
[Result "1-0"]
[WhiteElo "2187"]
[BlackElo "2149"]
[PlyCount "123"]
[EventDate "2008.??.??"]

1. d4 d5 2. c4 c6 3. Nc3 Nf6 4. e3 g6 5. Nf3 Bg7 6. Bd3 O-O 7. O-O Bg4 8. h3
Bxf3 9. Qxf3 e6 10. Rd1 Re8 11. Bd2 Nbd7 12. Rac1 dxc4 13. Bxc4 e5 14. Be1 exd4
15. Rxd4 Qe7 16. Be2 Rad8 17. Rcd1 c5 18. R4d2 Ne5 19. Qf4 Rxd2 20. Rxd2 a6 21.
Rd1 Nc6 22. a3 Qe5 23. Qxe5 Nxe5 24. Na4 Bf8 25. Nb6 h5 26. b3 Bg7 27. Bc3 h4
28. Be1 Nc6 29. Rc1 Ne4 30. Na4 Ne5 31. Nxc5 Rc8 32. Nd3 Rxc1 33. Nxc1 Kh7 34.
f4 Nd7 35. Bf3 f5 36. Ne2 Bb2 37. Bxe4 fxe4 38. Bb4 b6 39. g4 a5 40. Be7 Nc5
41. b4 Nd3 42. bxa5 bxa5 43. a4 Bg7 44. Bxh4 Nb2 45. Bd8 Nxa4 46. Bxa5 Nb2 47.
Bc3 Nd1 48. Bd2 Bf8 49. Nc3 Nxc3 50. Bxc3 Kh6 51. Be5 Be7 52. Kf2 Bh4+ 53. Ke2
Be7 54. Kd2 Bb4+ 55. Bc3 Be7 56. Bd4 Bb4+ 57. Kc2 Be7 58. Kc3 Kh7 59. Kc4 Kg8
60. Kd5 Kf7 61. Kxe4 Bh4 62. Kd5 1-0

[Event "5.Online Aktivschach WM / Gruppe A"]
[Site "?"]
[Date "2009.01.05"]
[Round "5.2"]
[White "Atlanta, Mephisto"]
[Black "MM V 18 MHz, Mephisto"]
[Result "1-0"]
[WhiteElo "2293"]
[BlackElo "2149"]
[PlyCount "86"]
[EventDate "2009.??.??"]

1. e4 e6 2. d4 d5 3. Nc3 Nf6 4. Bg5 Be7 5. e5 Nfd7 6. Bxe7 Qxe7 7. f4 O-O 8.
Nf3 c5 9. Bd3 f5 10. exf6 Rxf6 11. Qd2 Nc6 12. dxc5 Nxc5 13. O-O Nxd3 14. cxd3
Bd7 15. g3 Raf8 16. Rac1 b6 17. d4 g6 18. Ne5 Nxe5 19. dxe5 R6f7 20. Rfd1 g5
21. Ne2 gxf4 22. Nxf4 Qg5 23. Nd3 Qg4 24. Qb4 Qf3 25. Qd4 Kh8 26. a4 Be8 27. b3
h6 28. Rd2 Rc7 29. Re1 Rf5 30. Rf2 Qh5 31. Nf4 Qf7 32. g4 Qg8 33. Nxe6 Rcf7 34.
Rxf5 Rxf5 35. Nc7 Rg5 36. e6+ Kh7 37. h3 Rg6 38. Qd3 Qf8 39. e7 Qh8 40. Nxe8
Qxe8 41. Re6 a6 42. Rxg6 Qxg6 43. Qxg6+ Kxg6 1-0

[Event "5.Online Aktivschach WM / Gruppe A"]
[Site "?"]
[Date "2009.01.08"]
[Round "4.2"]
[White "Sparc, Saitek"]
[Black "Atlanta, Mephisto"]
[Result "1-0"]
[WhiteElo "2187"]
[BlackElo "2293"]
[PlyCount "93"]
[EventDate "2009.??.??"]

1. d4 d5 2. c4 c6 3. Nc3 Nf6 4. e3 g6 5. Nf3 Bg7 6. Bd3 O-O 7. O-O c5 8. dxc5
dxc4 9. Bxc4 Nbd7 10. Qd4 Ne8 11. Qd2 Qc7 12. b4 Nxc5 13. Bb2 Nd6 14. Nd5 Qd7
15. Bxg7 Nxc4 16. Qc3 Na4 17. Nxe7+ Qxe7 18. Bxf8 Nxc3 19. Bxe7 Bg4 20. Bf6 Nd5
21. Rfc1 Ncxe3 22. fxe3 Nxf6 23. Rc7 Bxf3 24. gxf3 Nd5 25. Rxb7 Nxe3 26. Re1
Nf5 27. Rc1 a5 28. b5 Rd8 29. Re1 Rd2 30. a4 Nd4 31. Re3 Ra2 32. Kf1 Nf5 33.
Re4 Nd6 34. Rb8+ Kg7 35. Rf4 Rxh2 36. Ra8 Rc2 37. Rxa5 g5 38. Rb4 Nc4 39. Ra7
Ne3+ 40. Kg1 Rg2+ 41. Kh1 Rf2 42. b6 Rf1+ 43. Kh2 Rf2+ 44. Kg3 Rg2+ 45. Kh3 Rf2
46. b7 Rxf3+ 47. Kh2 1-0

[Event "5.Online Aktivschach WM / Gruppe A"]
[Site "?"]
[Date "2009.01.09"]
[Round "5.1"]
[White "Sparc, Saitek"]
[Black "Lyon 68020 22 MHz, Mephisto"]
[Result "1-0"]
[WhiteElo "2187"]
[BlackElo "2278"]
[PlyCount "107"]
[EventDate "2009.??.??"]

1. e4 Nf6 2. e5 Nd5 3. d4 d6 4. Nf3 Bg4 5. Be2 e6 6. O-O Be7 7. h3 Bh5 8. c4
Nb6 9. Nc3 O-O 10. Be3 N8d7 11. b3 a5 12. exd6 cxd6 13. Nb5 d5 14. c5 Nc8 15.
Bf4 Nf6 16. Qc2 Bg6 17. Bd3 b6 18. Bxg6 hxg6 19. Bc7 Qe8 20. c6 Na7 21. Nxa7
Rxa7 22. Bf4 Ra8 23. a4 Qc8 24. Rfc1 Qa6 25. Nd2 Rfc8 26. Qb2 Qe2 27. Re1 Qd3
28. Rac1 Bb4 29. Red1 Qf5 30. Be5 Kf8 31. Rc2 Nd7 32. Bg3 Nf6 33. Nf1 Ne4 34.
Be5 f6 35. Bh2 Kf7 36. Ne3 Qg5 37. c7 Bd6 38. Bxd6 Nxd6 39. Rdc1 Ra7 40. b4 Ne4
41. bxa5 bxa5 42. Qb5 Ke7 43. Qb6 Raa8 44. Rc6 Kf7 45. Rxe6 Nd2 46. Rd6 Qf4 47.
Rxd5 Ne4 48. Rd7+ Kg8 49. Rc2 Kh7 50. Rd8 Nxf2 51. Nd5 Nxh3+ 52. gxh3 Qg5+ 53.
Rg2 Qc1+ 54. Kh2 1-0

[Event "5.Online Aktivschach WM / Gruppe A"]
[Site "?"]
[Date "2009.01.11"]
[Round "6.1"]
[White "Lyon 68020 22 MHz, Mephisto"]
[Black "Atlanta, Mephisto"]
[Result "1/2-1/2"]
[WhiteElo "2278"]
[BlackElo "2293"]
[PlyCount "151"]
[EventDate "2009.??.??"]

1. d4 d5 2. c4 c6 3. cxd5 cxd5 4. Nf3 Nc6 5. Nc3 Nf6 6. Bf4 Bf5 7. e3 e6 8. Bb5
Nd7 9. Qa4 Rc8 10. O-O a6 11. Bxc6 Rxc6 12. Rfc1 Be7 13. Ne2 Qb6 14. Rxc6 bxc6
15. Rc1 Qxb2 16. Qxa6 O-O 17. Rxc6 Be4 18. Kf1 e5 19. dxe5 Nc5 20. Qa5 Nd3 21.
Qc3 Qxa2 22. Rb6 Qa4 23. Ne1 Bd8 24. Rb8 Qd1 25. Rxd8 Rxd8 26. f3 Bf5 27. Bg3
Nxe1 28. Bxe1 Bd3 29. Qd2 Qxd2 30. Bxd2 Re8 31. f4 Rb8 32. Ke1 Rb1+ 33. Nc1 Be4
34. g4 Rb6 35. g5 Rb1 36. h4 h5 37. gxh6 gxh6 38. Kf2 h5 39. Kg3 Rb2 40. Ba5
Rc2 41. Nb3 Rg2+ 42. Kh3 Re2 43. Nd4 Rxe3+ 44. Kh2 Kh7 45. Bb6 Kg6 46. Nc6 Re2+
47. Kh3 Rd2 48. Kg3 Rd3+ 49. Kf2 Rf3+ 50. Ke2 Rxf4 51. Bd8 Kf5 52. Nd4+ Kg4 53.
Bg5 Bf3+ 54. Kd3 Re4 55. Bf6 Bg2 56. Kc3 Kf4 57. Kd3 Bf1+ 58. Kc3 Be2 59. Bg7
Bc4 60. Bf6 Re3+ 61. Kb4 Ke4 62. Kc5 Re1 63. Nc6 Rc1 64. Nd4 Bd3+ 65. Kd6 Rb1
66. e6 fxe6 67. Nxe6 Bc4 68. Bd4 Rh1 69. Bf6 Rg1 70. Ng5+ Kf5 71. Bd8 d4 72.
Nf3 d3 73. Kc5 Ba6 74. Nd2 Rg7 75. Bg5 Rd7 76. Kc6 1/2-1/2

[Event "5.Online Aktivschach WM ( Gruppe A"]
[Site "?"]
[Date "2009.01.18"]
[Round "6.2"]
[White "MM V 18 MHz, Mephisto"]
[Black "Sparc, Saitek"]
[Result "0-1"]
[WhiteElo "2149"]
[BlackElo "2187"]
[PlyCount "124"]
[EventDate "2009.??.??"]

1. e4 e5 2. Nf3 Nc6 3. Bc4 Bc5 4. d3 Nf6 5. c3 d6 6. b4 Bb6 7. a4 a6 8. Bg5 h6
9. Bh4 g5 10. Bg3 Nh5 11. Nxe5 Nxg3 12. Bxf7+ Ke7 13. Ng6+ Kxf7 14. Nxh8+ Qxh8
15. hxg3 Be6 16. a5 Ba7 17. d4 Qf6 18. f4 Bd7 19. Qh5+ Kg7 20. e5 Qg6 21. Qxg6+
Kxg6 22. d5 Ne7 23. e6 Bb5 24. Na3 Ba4 25. c4 Bd4 26. Rb1 Nf5 27. g4 Ne3 28.
f5+ Kh7 29. Ke2 Nxg4 30. Kf3 Nf2 31. Rhf1 Rf8 32. g4 h5 33. Rxf2 hxg4+ 34. Ke2
Bxf2 35. Kxf2 Rxf5+ 36. Kg2 Rf3 37. Ra1 Re3 38. Kf2 Rb3 39. Ra2 Kg7 40. Kg2
Rxb4 41. Kg3 Bd1 42. Kf2 Bf3 43. Rc2 Rb3 44. Ra2 Kf6 45. Kf1 c6 46. dxc6 bxc6
47. Nc2 g3 48. Ra1 Rb2 49. Nd4 g4 50. e7 g2+ 51. Kg1 Kxe7 52. Kh2 Kf6 53. Re1
Rb7 54. Kg3 Rh7 55. Rg1 Rh1 56. Rxg2 Rh3+ 57. Kf2 Bxg2 58. Kxg2 c5 59. Nc6 Rh8
60. Na7 Ra8 61. Nc6 Rc8 62. Na7 Rc7 0-1

[Event "5.Online Aktivschach WM / Gruppe B"]
[Site "?"]
[Date "2008.12.11"]
[Round "2.2"]
[White "Genius 68030, Mephisto"]
[Black "Risc 2, Mephisto"]
[Result "0-1"]
[WhiteElo "2335"]
[BlackElo "2220"]
[PlyCount "90"]
[EventDate "2008.??.??"]

1. c4 e5 2. Nc3 Nf6 3. Nf3 Nc6 4. g3 Bb4 5. Bg2 O-O 6. O-O e4 7. Ng5 Bxc3 8.
bxc3 Re8 9. f3 e3 10. d3 d5 11. Qb3 Na5 12. Qa3 c6 13. cxd5 cxd5 14. f4 Bg4 15.
Re1 Rc8 16. h3 Bf5 17. Nf3 Nc6 18. Rf1 Qc7 19. Bb2 b5 20. Nh4 Bd7 21. Qc5 Qb8
22. Rac1 a5 23. a3 Be6 24. Nf3 Nh5 25. g4 Nxf4 26. Rfe1 Bd7 27. Rb1 Nd8 28.
Qxc8 Bxc8 29. Ba1 Nde6 30. Nh2 Nxg2 31. Kxg2 Nf4+ 32. Kh1 Nxh3 33. Kg2 Nf2 34.
Rec1 Qf4 35. Rg1 Qh6 36. Kf1 Qxh2 37. Rg2 Qh1+ 38. Rg1 Qh3+ 39. Ke1 Bxg4 40.
Rb4 axb4 41. Rf1 Nxd3+ 42. Kd1 Qxf1+ 43. Kc2 b3+ 44. Kxb3 Qb1+ 45. Bb2 Qxb2#
0-1

[Event "5.Online Aktivschach WM / Gruppe B"]
[Site "?"]
[Date "2009.01.03"]
[Round "5.2"]
[White "Risc 2, Mephisto"]
[Black "Genius 68030, Mephisto"]
[Result "1/2-1/2"]
[WhiteElo "2220"]
[BlackElo "2335"]
[PlyCount "287"]
[EventDate "2009.??.??"]

1. e4 e5 2. Nf3 Nc6 3. Bc4 Nf6 4. d3 Be7 5. Bb3 d5 6. Nbd2 Bg4 7. O-O O-O 8.
exd5 Nxd5 9. Re1 f6 10. c3 Qd7 11. Ba4 Rfd8 12. d4 exd4 13. Bxc6 bxc6 14. cxd4
c5 15. h3 Bh5 16. Qc2 cxd4 17. Nxd4 Bb4 18. a3 Nb6 19. axb4 Qxd4 20. Qc5 Rd5
21. Qxc7 Rc8 22. Qxa7 Ra8 23. Qxa8+ Nxa8 24. Re4 Qb6 25. Rxa8+ Kf7 26. Rc4 Be2
27. Rc3 Rd7 28. b5 Bxb5 29. Rac8 Qe6 30. Re3 Qd6 31. Rec3 Re7 32. Nf3 Be2 33.
Be3 Qd1+ 34. Kh2 Bxf3 35. gxf3 Qxf3 36. b4 Qe4 37. R3c4 Qe5+ 38. Bf4 Qe2 39.
Bg3 Qb2 40. Rh4 h6 41. Kg2 Qd2 42. Kh2 Qd5 43. Rc1 Kg8 44. Rhc4 Re2 45. Rc8+
Kh7 46. R8c7 Rb2 47. R1c5 Qd1 48. Rc1 Qd3 49. Rb7 Qe4 50. Rcc7 Rb1 51. Rxg7+
Kh8 52. Rh7+ Qxh7 53. Rxh7+ Kxh7 54. Bd6 Kg6 55. Kg3 Rb3+ 56. Kg4 f5+ 57. Kh4
Kf7 58. Bc5 Ke6 59. Bf8 Rf3 60. Bc5 Kd5 61. Be3 Kc4 62. Bxh6 Rxf2 63. Kg3 Rf1
64. Bf8 Kd5 65. h4 Rg1+ 66. Kf3 Rg4 67. h5 Rg8 68. Be7 Rh8 69. b5 Rxh5 70. Kf4
Ke6 71. Bd8 Rh8 72. Bc7 Rh4+ 73. Kg3 Rb4 74. b6 Kd7 75. Kf3 Kc6 76. Ke3 Kb7 77.
Kf3 Re4 78. Bd8 Rc4 79. Bc7 Rb4 80. Ke3 Re4+ 81. Kf2 Rd4 82. Ke3 Ra4 83. Kf3
Kc6 84. Ke3 Rh4 85. Kf3 Re4 86. Kf2 Kb7 87. Kf3 Ra4 88. Kf2 Ra3 89. Ke2 Rh3 90.
Kd2 Rf3 91. Ke2 Ra3 92. Kf2 Rc3 93. Ke2 Kc6 94. Kd2 Rb3 95. Kc2 Re3 96. Kd2 Re4
97. Kd3 Kb7 98. Bd8 Re8 99. Bc7 Re7 100. Kd4 Kc6 101. Kd3 Re4 102. Bd8 Re8 103.
Bc7 Re7 104. Kd4 Kb7 105. Kd3 Re8 106. Kd4 Re4+ 107. Kd3 Re6 108. Kd4 Re2 109.
Kd3 Re1 110. Kd2 Re6 111. Kd3 Kc6 112. Kd2 Rg6 113. Ke3 Rg4 114. Kf3 Rb4 115.
Ke3 Ra4 116. Kf3 Rg4 117. Ke2 Kb7 118. Kf2 Rd4 119. Ke3 Rc4 120. Kf3 Rb4 121.
Ke3 f4+ 122. Kf3 Kc6 123. Bxf4 Kxb6 124. Bd2 Ra4 125. Bf4 Kc5 126. Ke3 Kd5 127.
Bc7 Ra7 128. Bb6 Ra6 129. Bc7 Ra3+ 130. Kf4 Ra8 131. Bb6 Rf8+ 132. Ke3 Rb8 133.
Bc7 Rb7 134. Ba5 Re7+ 135. Kf4 Re4+ 136. Kf5 Ra4 137. Bb6 Rh4 138. Ba5 Rh1 139.
Kf4 Rf1+ 140. Ke3 Rb1 141. Bd2 Rh1 142. Ba5 Rh4 143. Bc7 Rc4 144. Bd8 1/2-1/2

[Event "5.Online Aktivschach WM / Gruppe C"]
[Site "?"]
[Date "2008.11.29"]
[Round "1.2"]
[White "Berlin Pro, Mephisto"]
[Black "Deep Sjeng, Resurrection"]
[Result "1-0"]
[WhiteElo "2282"]
[BlackElo "2217"]
[PlyCount "317"]
[EventDate "2008.??.??"]

1. e4 e5 2. Nf3 Nc6 3. Bb5 a6 4. Ba4 Nf6 5. O-O Be7 6. Re1 b5 7. Bb3 d6 8. c3
O-O 9. d4 Bg4 10. d5 Na5 11. Bc2 c6 12. h3 Bc8 13. dxc6 Qc7 14. Nbd2 Nxc6 15.
Nf1 b4 16. c4 Na5 17. b3 Rb8 18. Ng3 Nc6 19. Be3 Rd8 20. Qd2 Be6 21. Ng5 h6 22.
Nxe6 fxe6 23. Rad1 Rf8 24. Bd3 Nd7 25. Be2 Rf6 26. Rf1 Rbf8 27. Bg4 Nc5 28. Nh5
Rg6 29. Bxc5 dxc5 30. Qd7 Qxd7 31. Rxd7 Rf7 32. Rc7 Nd4 33. Ra7 Bd8 34. Rxa6
Rf8 35. Ra7 Rf7 36. Ra8 Rf8 37. Rd1 Bh4 38. Rxf8+ Kxf8 39. Kf1 Bg5 40. Rd3 Ke7
41. f3 Kf7 42. Kf2 Bh4+ 43. Kg1 Bd8 44. Rd1 Ke7 45. Kf2 Kd6 46. g3 Ke7 47. Rh1
Rg5 48. f4 exf4 49. gxf4 Rg6 50. Ke3 Nc2+ 51. Kd3 Nd4 52. e5 Kd7 53. Ng3 Kc7
54. Ne4 Be7 55. Rf1 Kc6 56. Rf2 Kd7 57. Rb2 Kc7 58. Rb1 Kd7 59. Rd1 Kc6 60. Ke3
Bh4 61. Rd2 Be1 62. Rh2 Bh4 63. Rb2 Nf5+ 64. Kd3 Nd4 65. Rd2 Be1 66. Rd1 Bh4
67. Rb1 Be7 68. Rf1 Kc7 69. Rc1 Kc6 70. Re1 Bh4 71. Rh1 Bd8 72. Rh2 Bh4 73. Rb2
Bd8 74. Nf2 Bh4 75. Ke4 Bd8 76. Nd3 Ba5 77. Rd2 Bb6 78. Rd1 Kb7 79. Rf1 Kc7 80.
Re1 Kd8 81. Rb1 Kd7 82. Rd1 Kc6 83. Rc1 h5 84. Bxh5 Rg2 85. Ra1 Rg3 86. Rh1 g6
87. Bg4 Rg2 88. Nc1 Kd7 89. Re1 Ke7 90. Rd1 Bc7 91. Rf1 Bb6 92. Ke3 Kd7 93. Kd3
Kd8 94. Rd1 Ke7 95. Rh1 Ba5 96. Ke4 Bb6 97. Rf1 Kd7 98. Ke3 Ke8 99. Rf2 Rxf2
100. Kxf2 Kd7 101. Bf3 Ke7 102. Be4 Kf7 103. Nd3 Kg7 104. Ke1 Kh6 105. Kf1 Kg7
106. Kf2 Kh6 107. Bg2 Nf5 108. Bb7 Nd4 109. Kg3 Kh7 110. Be4 Ne2+ 111. Kg4 Nc3
112. Bc6 Kg7 113. Nc1 Kf7 114. h4 Bd8 115. h5 gxh5+ 116. Kxh5 Nd1 117. Kg4 Bb6
118. Kf3 Bc7 119. Ke2 Nc3+ 120. Kd2 Nb1+ 121. Kc2 Na3+ 122. Kb2 Bd8 123. Nd3
Be7 124. Bg2 Bf8 125. Bh3 Be7 126. Nf2 Bf8 127. Ne4 Bh6 128. Nxc5 Bxf4 129.
Bxe6+ Ke7 130. Nd3 Bd2 131. Bf5 Kd8 132. Be4 Kd7 133. Bf3 Kd8 134. Bg4 Kc7 135.
c5 Bc3+ 136. Kc1 Nb5 137. Kd1 Na7 138. Bf3 Nb5 139. Ke2 Nd4+ 140. Ke3 Nc2+ 141.
Ke4 Ne1 142. Nxe1 Bxe1 143. Kd5 Bf2 144. e6 Kd8 145. Kc4 Be1 146. c6 Bg3 147.
Kxb4 Kc7 148. Kb5 Bd6 149. a4 Kd8 150. a5 Bg3 151. a6 Bf2 152. Bg4 Be3 153. c7+
Ke7 154. c8=Q Bf4 155. Qg8 Kf6 156. e7 Bd6 157. e8=Q Be7 158. Qh5 Bd6 159.
Qgf7# 1-0

[Event "5.Online Aktivschach WM / Gruppe C"]
[Site "?"]
[Date "2008.12.13"]
[Round "2.1"]
[White "R30 V2.2, TASC."]
[Black "Deep Sjeng, Resurrection"]
[Result "1-0"]
[WhiteElo "2352"]
[BlackElo "2217"]
[PlyCount "81"]
[EventDate "2008.??.??"]

1. d4 d5 2. c4 c6 3. Nf3 Nf6 4. Nc3 a6 5. Bf4 dxc4 6. e3 b5 7. Qc2 Nh5 8. Be5
f6 9. Bxb8 Rxb8 10. b3 b4 11. Ne4 c3 12. Bc4 Bg4 13. h3 Bxf3 14. gxf3 e5 15.
dxe5 fxe5 16. Rd1 Qh4 17. Nd6+ Bxd6 18. Rxd6 e4 19. Re6+ Kf8 20. fxe4 Rd8 21.
e5 Qg5 22. Bxa6 g6 23. Qe4 c5 24. Qb7 c2 25. Ke2 Rg8 26. Qc7 Rg7 27. Qxc5+ Kg8
28. Bc4 Kh8 29. Rd6 Rf8 30. Rf6 Rfg8 31. Rf8 Qg2 32. Bxg8 Ng3+ 33. Kd3 Rxg8 34.
Qd6 Kg7 35. Qf6+ Kh6 36. Rxg8 Qe4+ 37. Kd2 Qxh1 38. Qg7+ Kg5 39. f4+ Kh4 40.
Qe7+ Kxh3 41. Qxh7+ 1-0

[Event "5.Online Aktivschach WM / Gruppe C"]
[Site "?"]
[Date "2008.12.22"]
[Round "3.1"]
[White "Berlin Pro, Mephisto"]
[Black "R30 V2.2, TASC."]
[Result "1/2-1/2"]
[WhiteElo "2282"]
[BlackElo "2352"]
[PlyCount "77"]
[EventDate "2008.??.??"]

1. e4 e5 2. f4 exf4 3. Nc3 Qh4+ 4. Ke2 d5 5. Nxd5 Bg4+ 6. Nf3 Nc6 7. c3 Bd6 8.
d4 O-O-O 9. Kd2 Qh6 10. Bd3 Nge7 11. h3 Bh5 12. Kc2 Nxd5 13. exd5 Ne7 14. c4
Bg6 15. Re1 Rhe8 16. Ne5 Qg5 17. g4 Qf6 18. Nxg6 Nxg6 19. Rxe8 Rxe8 20. Bf5+
Kb8 21. c5 Be7 22. Qd3 Rd8 23. Qe4 Qa6 24. b3 Bg5 25. Bd2 h6 26. Kb2 Nh4 27.
Bxf4 Bxf4 28. Qxf4 Nxf5 29. Qxf5 Qe2+ 30. Ka3 Qd2 31. Qe4 b6 32. Rf1 Rxd5 33.
Qe8+ Kb7 34. Qe4 Kb8 35. Qxd5 Qa5+ 36. Kb2 Qd2+ 37. Ka3 Qa5+ 38. Kb2 Qd2+ 39.
Ka3 1/2-1/2

[Event "5.Online Aktivschach WM / Gruppe C"]
[Site "?"]
[Date "2008.12.27"]
[Round "4.2"]
[White "Deep Sjeng, Resurrection"]
[Black "Berlin Pro, Mephisto"]
[Result "1/2-1/2"]
[WhiteElo "2217"]
[BlackElo "2282"]
[PlyCount "73"]
[EventDate "2008.??.??"]

1. e4 e5 2. Bc4 Nf6 3. d3 c6 4. Nf3 d5 5. Bb3 Bd6 6. Nc3 dxe4 7. Ng5 O-O 8.
Ncxe4 Bb4+ 9. c3 Nxe4 10. Nxe4 Be7 11. O-O Bf5 12. Qh5 Qd7 13. Be3 g6 14. Qh6
Qd8 15. Rad1 Kh8 16. f3 Na6 17. d4 Qc7 18. dxe5 Bxe4 19. fxe4 Bc5 20. e6 Bxe3+
21. Qxe3 fxe6 22. Bxe6 Qe5 23. Rxf8+ Rxf8 24. Qh6 Qf6 25. Bc4 Qf2+ 26. Kh1 Nc5
27. e5 b5 28. Be2 Nd7 29. Qd2 Nxe5 30. Qd6 Re8 31. Rf1 Qxe2 32. Rf8+ Kg7 33.
Qf6+ Kh6 34. Qh4+ Kg7 35. Qf6+ Kh6 36. Qh4+ Kg7 37. Qf6+ 1/2-1/2